<?xml version="1.0" encoding="UTF-8"?>
<record
    xmlns:xsi="http://www.w3.org/2001/XMLSchema-instance"
    xsi:schemaLocation="http://www.loc.gov/MARC21/slim http://www.loc.gov/standards/marcxml/schema/MARC21slim.xsd"
    xmlns="http://www.loc.gov/MARC21/slim">

  <leader>03096nam a22005297a 4500</leader>
  <controlfield tag="003">AR-RoUNA</controlfield>
  <controlfield tag="005">20251028094842.0</controlfield>
  <controlfield tag="008">251027b        |||||||| |||| 00| 0 spa d</controlfield>
  <datafield tag="040" ind1=" " ind2=" ">
    <subfield code="a">AR-RoUNA</subfield>
    <subfield code="b">spa</subfield>
    <subfield code="d">AR-RoUNA</subfield>
  </datafield>
  <datafield tag="041" ind1=" " ind2=" ">
    <subfield code="a">spa</subfield>
  </datafield>
  <datafield tag="044" ind1=" " ind2=" ">
    <subfield code="a">ag</subfield>
  </datafield>
  <datafield tag="110" ind1="2" ind2=" ">
    <subfield code="a">Argentina. Entre R&#xED;os. Instituto de Estudios Territoriales.</subfield>
    <subfield code="b">Regional ONO - Colegio de Arquitectos de Entre R&#xED;os (CAPER).</subfield>
    <subfield code="9">27526</subfield>
  </datafield>
  <datafield tag="245" ind1="1" ind2="0">
    <subfield code="a">18&#xBA; Jornadas de la ciudad</subfield>
    <subfield code="b">: hacia territorios integrados. Reflexiones y conclusiones.</subfield>
  </datafield>
  <datafield tag="260" ind1=" " ind2=" ">
    <subfield code="b">CAPER,</subfield>
    <subfield code="c">2023.</subfield>
  </datafield>
  <datafield tag="300" ind1=" " ind2=" ">
    <subfield code="a">23 p.:</subfield>
    <subfield code="b">fot. col.</subfield>
    <subfield code="c">21x15 cm.</subfield>
  </datafield>
  <datafield tag="505" ind1="0" ind2=" ">
    <subfield code="t">INDICE</subfield>
  </datafield>
  <datafield tag="505" ind1="0" ind2=" ">
    <subfield code="t">EXPOSICIONES</subfield>
  </datafield>
  <datafield tag="505" ind1="0" ind2=" ">
    <subfield code="t">MODULO 1 -CIUDAD Y REGION</subfield>
  </datafield>
  <datafield tag="505" ind1="0" ind2=" ">
    <subfield code="r">Oscar Bragos  / Instrumentos de actuaci&#xF3;n urban&#xED;stica. p. 7</subfield>
  </datafield>
  <datafield tag="505" ind1="0" ind2=" ">
    <subfield code="r">Nicol&#xE1;s Wendler  / Ley de Comunas. Aplicaciones. Monitoreo. Resultados. p. 7</subfield>
  </datafield>
  <datafield tag="505" ind1="0" ind2=" ">
    <subfield code="r">C&#xE1;tedra Bertuzzi-M&#xE1;ntaras / Futuros posibles. Propuestas del alumnado para el Area Metropolitana Gran Paran&#xE1;. p. 8</subfield>
  </datafield>
  <datafield tag="505" ind1="0" ind2=" ">
    <subfield code="r">Guillermo Frederick / Rol de la ciudad en el territorio regional. p. 8</subfield>
  </datafield>
  <datafield tag="505" ind1="0" ind2=" ">
    <subfield code="r">Anabel Waigandt / El proceso de Marca Paran&#xE1; como plataforma para definir prioridades y proyectar la ciudad hacia el futuro. p. 9</subfield>
  </datafield>
  <datafield tag="505" ind1="0" ind2=" ">
    <subfield code="t">MODULO 2 - CIUDAD Y ARROYOS</subfield>
  </datafield>
  <datafield tag="505" ind1="0" ind2=" ">
    <subfield code="r">Marina Selsi, Alicia Glausser y Clelia Zapata / Procesos participativo del Parque Lineal Urbano Sur. p. 11</subfield>
  </datafield>
  <datafield tag="505" ind1="0" ind2=" ">
    <subfield code="r">Joel De Souza y Mart&#xED;n Bletter / Cuencas hidrogr&#xE1;ficas de Paran&#xE1;. Actualidad y problem&#xE1;ticas. p. 11</subfield>
  </datafield>
  <datafield tag="505" ind1="0" ind2=" ">
    <subfield code="r">Yanina Ram&#xED;rez / Integraci&#xF3;n socio urbana de barrios afectados por cuencas. PROMEBA. p. 11</subfield>
  </datafield>
  <datafield tag="505" ind1="0" ind2=" ">
    <subfield code="t">MODULO 3 - CIUDAD Y MOVILIDAD</subfield>
  </datafield>
  <datafield tag="505" ind1="0" ind2=" ">
    <subfield code="r">Juan Jaurena / Movilidad sostenible: integrando urbano con la planificaci&#xF3;n del territorio. p. 13</subfield>
  </datafield>
  <datafield tag="505" ind1="0" ind2=" ">
    <subfield code="r">Cecilia Bonino / Accesibilidad, movilidad e inclusi&#xF3;n urbana. p.13</subfield>
  </datafield>
  <datafield tag="505" ind1="0" ind2=" ">
    <subfield code="r">Jaquelina Santiago / Expansi&#xF3;n urbana del Gran Paran&#xE1;. Transformaciones y cambios producidos en la &#xFA;ltima d&#xE9;cada en el corredor sur: RP N&#xAA;11. p. 14</subfield>
  </datafield>
  <datafield tag="505" ind1="0" ind2=" ">
    <subfield code="t">MODULO 4 - CIUDAD Y COSTA</subfield>
  </datafield>
  <datafield tag="505" ind1="0" ind2=" ">
    <subfield code="r">Dante Gariboglio / Un tesoro de vida frente a la ciudad. p. 15</subfield>
  </datafield>
  <datafield tag="505" ind1="0" ind2=" ">
    <subfield code="r">Cuidadores de la casa Com&#xFA;n  / Ecoturismo en Humedales. Sal&#xF3;n de Usos M&#xFA;ltiples - Bajada Grande. p. 15</subfield>
  </datafield>
  <datafield tag="505" ind1="0" ind2=" ">
    <subfield code="r">Marcelo D'Amico; C&#xE9;sar Pibermus / Proyecto Investigaci&#xF3;n comparativa. Urbanizaciones en la costa Rosario - Paran&#xE1;. p. 16</subfield>
  </datafield>
  <datafield tag="505" ind1="0" ind2=" ">
    <subfield code="r">Walter Musich / Puerto Nuevo de Paran&#xE1;. La importancia del &#xE1;rea portuaria Nacional y del distrito fluvial Paran&#xE1; Medio. p. 17</subfield>
  </datafield>
  <datafield tag="505" ind1="0" ind2=" ">
    <subfield code="r">Javier Fedele / Experiencia y desaf&#xED;os en intervenciones sobre viejas instalaciones portuarias. p. 17</subfield>
  </datafield>
  <datafield tag="505" ind1="0" ind2=" ">
    <subfield code="t">CONCLUSIONES</subfield>
  </datafield>
  <datafield tag="520" ind1="3" ind2=" ">
    <subfield code="a">Este documento fue elaborado a partir de reflexiones y conclusiones realizadas sobre las Exposiciones llevadas a cabo en las 18&#xBA; Jornadas de la Ciudad. Paran&#xE1;, 16 y 17 de junio de 2023.</subfield>
  </datafield>
  <datafield tag="650" ind1=" " ind2="4">
    <subfield code="a">Urbanismo</subfield>
  </datafield>
  <datafield tag="653" ind1=" " ind2=" ">
    <subfield code="a">Humedales</subfield>
  </datafield>
  <datafield tag="653" ind1=" " ind2=" ">
    <subfield code="a">Inclusi&#xF3;n urbana</subfield>
  </datafield>
  <datafield tag="908" ind1=" " ind2=" ">
    <subfield code="a">Imp</subfield>
  </datafield>
  <datafield tag="942" ind1=" " ind2=" ">
    <subfield code="2">udc</subfield>
  </datafield>
  <datafield tag="945" ind1=" " ind2=" ">
    <subfield code="d">2025-10-27</subfield>
  </datafield>
  <datafield tag="980" ind1=" " ind2=" ">
    <subfield code="6">5</subfield>
    <subfield code="a">Mar&#xED;a Machado</subfield>
    <subfield code="8">5</subfield>
    <subfield code="g">Mar&#xED;a Machado</subfield>
  </datafield>
  <datafield tag="999" ind1=" " ind2=" ">
    <subfield code="c">12193</subfield>
    <subfield code="d">12193</subfield>
  </datafield>
  <datafield tag="952" ind1=" " ind2=" ">
    <subfield code="0">0</subfield>
    <subfield code="1">0</subfield>
    <subfield code="2">udc</subfield>
    <subfield code="4">0</subfield>
    <subfield code="7">0</subfield>
    <subfield code="a">CURDIUR</subfield>
    <subfield code="b">CURDIUR</subfield>
    <subfield code="d">2025-10-27</subfield>
    <subfield code="l">0</subfield>
    <subfield code="p">LCUR-0337</subfield>
    <subfield code="t">ej. 1</subfield>
    <subfield code="x"></subfield>
  </datafield>
</record>
